Las adicciones en la literatura / (Record no. 198121)

MARC details
000 -LEADER
campo de control de longitud fija 01378nam a22003374i 4500
001 - NÚMERO DE CONTROL
campo de control 198121
005 - FECHA Y HORA DE LA ÚLTIMA TRANSACCIÓN
campo de control 20260527233618.0
007 - CAMPO FIJO DE DESCRIPCIÓN FÍSICA--INFORMACIÓN GENERAL
campo de control de longitud fija zu
008 - DATOS DE LONGITUD FIJA--INFORMACIÓN GENERAL
campo de control de longitud fija 260224s2025 sp a ob 000|0 spa d
020 ## - NÚMERO INTERNACIONAL ESTÁNDAR DEL LIBRO
ISBN cancelado o inválido 978-84-1081-532-2
040 ## - FUENTE DE CATALOGACIÓN
Centro catalogador/agencia de origen UPNA
Lengua de catalogación spa
Centro/agencia transcriptor ES-MaACL
084 ## - OTRO NÚMERO DE CLASIFICACIÓN
Número de clasificación E658
130 4# - ENTRADA PRINCIPAL--TÍTULO UNIFORME
Título uniforme Las adicciones en la literatura
9 (RLIN) 242842
245 14 - MENCIÓN DEL TÍTULO
Título Las adicciones en la literatura /
Mención de responsabilidad, etc. Luis Fernando Alguacil, Antonio Piñas, directores ; autores, Alguacil Merino, Luis Fernando [y otros veinte].
264 #1 - PRODUCCIÓN, PUBLICACIÓN, DISTRIBUCIÓN, FABRICACIÓN Y COPYRIGHT
Producción, publicación, distribución, fabricación y copyright Valencia :
Nombre del de productor, editor, distribuidor, fabricante Tirant Humanidades,
Fecha de producción, publicación, distribución, fabricación o copyright 2025.
300 ## - DESCRIPCIÓN FÍSICA
Extensión 334 páginas
Otras características físicas ilustraciones.
Dimensiones 22 cm
336 ## - TIPO DE CONTENIDO
Término de tipo de contenido Texto
Código de tipo de contenido txt
Fuente rdacontent
490 1# - MENCIÓN DE SERIE
Mención de serie Plural
500 ## - NOTA GENERAL
Nota general Registro provisional. A-16087. Depósito 1
504 ## - NOTA DE BIBLIOGRAFÍA, ETC.
Nota de bibliografía, etc. Bibliografía en cada capítulo.
650 #4 - PUNTO DE ACCESO ADICIONAL DE MATERIA--TÉRMINO DE MATERIA
Término de materia o nombre geográfico como elemento de entrada Psicología en la literatura
9 (RLIN) 242843
650 #4 - PUNTO DE ACCESO ADICIONAL DE MATERIA--TÉRMINO DE MATERIA
Término de materia o nombre geográfico como elemento de entrada Adicción a sustancias
9 (RLIN) 242844
700 1# - ENTRADA AGREGADA--NOMBRE PERSONAL
Nombre de persona Alguacil Merino, Luis Fernando,
9 (RLIN) 19905
700 1# - ENTRADA AGREGADA--NOMBRE PERSONAL
Nombre de persona Piñas Mesa, Antonio,
9 (RLIN) 242846
710 2# - ENTRADA AGREGADA--NOMBRE DE ENTIDAD CORPORATIVA
Nombre de entidad corporativa o nombre de jurisdicción como elemento de entrada Tirant biblioteca virtual (plataforma)
9 (RLIN) 242847
852 ## - LOCALIZACIÓN
Ubicación ES-MaACL
Ubicación en estantería Depósito 1
Número de control de estantería A-16087
Anotaciones manuscritas Dedicatoria autógrafa de Luis Fernando Alguacil
Donativo/Legado Donación: Luis Fernando Alguacil
Encuadernación Encuadernación rustica
Nota libre En proceso
942 ## - ELEMENTOS DE ENTRADA SECUNDARIOS (KOHA)
Fuente del sistema de clasificación o colocación Clasificación decimal universal
Tipo de ítem Koha Libro impreso
Suprimir en OPAC No

No items available.